| 000 | 02998nam0a2200421 4500 | ||
|---|---|---|---|
| 001 | RU\NLR\BIBL_A\016245337 | ||
| 005 | 20260407115741.0 | ||
| 035 | _a(NLR Aleph) 016245337 | ||
| 090 |
_a12810557 _c12810557 |
||
| 100 | _a20190626d1902 |||y0rusy50 ca | ||
| 101 | 0 | _arus | |
| 102 | _aRU | ||
| 105 | _ay z 000zy | ||
| 181 | 0 |
_ai _baxxe |
|
| 182 | 0 | _an | |
| 200 | 1 |
_aО преобразовании Уральской войсковой сельскохозяйственной школы _eпредставление по этому делу разослано Членам Государственного Совета в печатных экземплярах _fГосударственный Совет в Соединенных Департаментах промышленности, наук и торговли и Законов. Министерство Земледелия и Государственных Имуществ. 20 декабря 1902 года. № 217 |
|
| 203 |
_aТекст _bвизуальный _cнепосредственный |
||
| 210 |
_a[Санкт-Петербург _cб. и.] _d1902 |
||
| 215 |
_a12 с. _d34 |
||
| 300 | _aВ конце текста: Подписали: Н. Чихачов, А. Горемыкин, Николай Махотин [и др.]; Скрепил: Исполняющий должность Статс-Секретаря С. Тецнер | ||
| 300 | _aНа 1-й, 5-й... с.: XCI | ||
| 309 | _aБез тит. л. и обл. | ||
| 601 | 0 | 2 |
_aУральская войсковая низшая сельскохозяйственная школа 1-го разряда _jДокументы и материалы _92559726 _3RU\NLR\AUTH\6601726665 |
| 686 | 3 | _aЧ468.84(28)7 | |
| 702 | 1 |
_4720 _7ca _8rus _aЧихачёв _bН. М. _cадмирал, гос. деятель _f1830-1917 _gНиколай Матвеевич _9197499 _3RU\NLR\AUTH\770197550 |
|
| 702 | 1 |
_aГоремыкин _bА. _4720 |
|
| 702 | 1 |
_4720 _7ca _8rus _aМахотин _bН. А. _f1830-1903 _gНиколай Антонович _9250205 _3RU\NLR\AUTH\770250261 |
|
| 702 | 1 |
_4720 _7ca _8rus _aТецнер _bС. К. _f1858-1903 _gСергей Константинович _9237791 _3RU\NLR\AUTH\770237847 |
|
| 710 | 0 | 2 |
_aУральская войсковая низшая сельскохозяйственная школа 1-го разряда _9852481 _3RU\NLR\AUTH\880593465 |
| 711 | 0 | 1 |
_aРоссия _bМинистерство земледелия и государственных имуществ _3RU\NLR\AUTH\889941169 _9377192 |
| 711 | 0 | 1 |
_aРоссия _bГосударственный совет _3RU\NLR\AUTH\889948587 _9392796 |
| 712 | 0 | 1 |
_4570 _aРоссия _bСоединенные департаменты промышленности, наук и торговли и законов _9833101 _3RU\NLR\AUTH\880583600 |
| 852 |
_aNLR _j135/295-19(25) |
||
| 942 | _cBOOK | ||
| 980 | _aNB | ||